Quizzes
Events
Quiz Creation
Community
Videos
Private Events
Remove Ads
Sign In
Join for FREE
Feedback
Dark Mode
Quiz Categories
Sports
Geography
Music
Movies
Television
Just For Fun
Miscellaneous
History
Literature
Language
Science
Gaming
Entertainment
Religion
Holiday
For Kids
Quiz Lab
Recent
Popular Today
Quiz Kudos Today
Editor Picks
Curator Picks
Quizzes by...
Day
Popularity
Type
Ratings
Length
Year
Community
Subscriptions
Recent Discussions
Orange Saloon
Badges
Playlists
Quests
Create
Leaderboards
Showdown
Live 5
Trivia Bingo
Activity
Puzzle Library
Sporcle Events
Private Events
Virtual Trivia
Globe League
Become a Host
Pub Owners
SporcleCon
Opinionation
Our Games
Videos
Blog
Mobile Apps
Partnerships
Remove Ads and Go Orange
Feedback
Science
Computer
Plants
Astronomy
Chemistry
Elements
Math
Animal
Physics
Anatomy
Biology
Geology
General Science
Science
Computer
Plants
Astronomy
Chemistry
Elements
Math
Animal
Physics
Anatomy
Biology
Geology
General Science
Random Quiz
Search Sporcle
×
Quiz Lab
Quiz Lab
Science
Famous
Type in answers that appear in a list
Type in answers that appear in a list
Classic
Best Score? Go Orange.
20 Named Reactions Stats
Can you name the organic reactions named after famous chemists?
By
Ali1
6m
20 Questions
739 Plays
739 Plays
739 Plays
Comments
Comments
Give Quiz Kudos
Give Quiz Kudos
-
- Ratings
hide this ad
Replay
Link that replays current quiz
Next Quiz
Link to next quiz in quiz playlist
You Got
0%
They Got
Avg Score
44%
Avg Friend Score
Upgrade to see
Score Distribution
Jump to the score distribution portion of the page
Score
0/20
Timer
06:00
0
Plays Today
Hint
% Correct
R-
Mg-
Br
Grignard
94.9%
4+2 cycloaddition
Diels-Alder reaction
69.1%
phosphonium salt to carbonyl
Wittig reaction
60.6%
Aldol for esters
Claisen addition
59.8%
3+3 sigmatropoc (with carbonyl)
Claisen rearrangement
59.8%
1,4-
conjugate addition
Michael reaction
59.3%
EAS with acid halide
Friedel-Crafts acylation
47.4%
EAS with alkyl halide
Friedel-Crafts alkylation
47.4%
Oxidation of alcohols
Jones oxidation
43.4%
3+3 sigmatropic
Cope rearrangement
40.1%
Hint
% Correct
silver mirror/
aldehyde
Tollens test
39%
Zn,HCl
Clemmensen reduction
36.4%
addition of Cu(X) to diazonium
Sandmeyer reaction
35.4%
reduction with hydrazine
Wolffe-Kishner reductions
34.1%
Aldol+1,4-
addition
Robinson annulation
32.1%
ROH,H+,heat
Fischer Esterification
29.9%
conversion of amide to amine
Hofmann Rearrangement
28.9%
conversion of amine to alkene
Hofmann Elimination
28.9%
Addition of an imine into an enol
Mannich reaction
26.6%
carboxylation of phenol
Kolbe carboxylation
13.1%
Quiz Playlist
Details
Report
Send in Message
Add To Playlist
Classic:
Type in answers that appear in a list
Last Updated: Feb 16, 2017
Quiz Scoreboard
CHALLENGE
Sign Up to Join the Scoreboard
Show All
Scores
Hide
Comments
May contain spoilers
Recently Published
College Basketball Coaching Resumes
by pancakes188
Sports
9m
Billboard Blitz: Fleetwood Mac
by CooCooCachoo
Music
15s
Presidents Visiting Landmarks
by Hejman
History
7m
More to Explore
Quiz From the Vault
Featured Blog Post
Where Did the Easter Bunny Come From?
hide this ad
You Might Also Like...
Tags
Chemistry Quiz
Famous Quiz
name
organic
reaction
Today's Top Quizzes in Science
Browse Science
hide this ad
Today's Top Quizzes in Famous
Browse Famous
Top Contributed Quizzes in Science
1
Quick Pick: Radians
2
Quick Pick: 'CI-CJ' Animals
3
The First 100 Digits of Pi
4
Elements In Images
5
One Thing in Common: Science
6
Name the Acid, Base or Salt
7
Science Jokes
8
One Thing in Common: Science III
9
One Thing in Common: Science II
10
One Thing in Common: Animals
Explore More
Trending Topics
Crossword
Marvel
Disney
Harry Potter
Anime
NBA
Kpop
Song
Pokémon
The Office
Country
NFL
WWE
Puzzle
Soccer
hide this ad
More By:
Ali1
Quiz
Plays
Rating
Category
Featured
Created
5 Areas of Chemistry
21,949
4.62
Science
Oct 9, 2009
Atomic Orbitals
1,306
4.00
Science
Oct 7, 2009
Most/Least fit U.S. States
957
4.14
Geography
Nov 11, 2009
Valence electrons
745
4.27
Science
Oct 9, 2009
20 Named Reactions
739
5.00
Science
Oct 7, 2009
Go to Creator's Profile
Score Distribution
Quiz Creator Spotlight
Ali1
Follow
Send a Message
Quizzes Created
-
Created Quiz Play Count
-
More By This Creator
Popular Quizzes Today
1
Find the US States - No Outlines Minefield
2
Find the Countries of Europe - No Outlines Minefield
3
The Countries of the World
4
Find the US States
5
Risky Map Clicking: Biggest States A-Z
6
US States
7
Popular People in 1961
8
Movies - When Are They Set?
More Science Quizzes
Ordering the Elements (#1‒15)
Editor's Pick
Trending Quizzes
Risky Map Clicking: Least Populous States A-Z
1-10 Letter G Words
1-10 Letter F Words
Risky Map Clicking: Next State Alphabetically
Click the Washington State Counties! (Map)
Recently Updated
Leaping Animals
pecheneg
Reality TV Shows (A-Z)
bhenderson79
Rickey Henderson's Hall of Fame Teammates
pecheneg
Champions League XIs: Arsenal
pecheneg
Quick Pick: Celebrities in WWE's Hall of Fame
aduchscher
A-Z Keypad Blitz II
pecheneg
Multiple Oscar Actors
pecheneg
Mystery Phrase Blitz: Oscar 'Best Actors'
pecheneg
F. Scott Fitzgerald Novels
LTH
Pick 3 Villains
ddd62291
Trending Topics
NBA
Marvel
Kpop
Crossword
Harry Potter
Anime
Disney
Song
The Office
NFL
Country
WWE
Soccer
Pokémon
Puzzle
Your Account Isn't Verified!
In order to create a playlist on Sporcle, you need to verify the email address you used during registration. Go to your
Sporcle Settings
to finish the process.
Report this User
Report this user for behavior that violates our
Community Guidelines
.
Details:
Send Report
Go to the Sporcle.com Mobile Site →
Comments